000 00732 a2200217 4500
020 _a0387227849
040 _aDLC
_bDLC
082 0 4 _a621.3827
100 1 _aHranilovic, Steve,
245 1 0 _aWireless optical communication systems
_cSteve Hranilovic.
260 _aNew Delhi :
_bSpringer,
_cc2005.
300 _axii, 196 p. :
_bill. ;
_c25 cm.
500 _aTitle from e-book title screen (viewed June 27, 2008).
650 0 _aOptical communications.
650 0 _aWireless communication systems.
655 7 _aElectronic books.
710 2 _aMyiLibrary.
856 4 0 _uhttp://www.myilibrary.com?id=42730
856 4 0 _uhttp://www.springerlink.com/openurl.asp?genre=book&isbn=978-0-387-22784-9
942 _cBK
_k621.3824 HRA
_2ddc
999 _c7969
_d7969